Teatro
Salvato in:
| Autore principale: | |
|---|---|
| Natura: | Libro |
| Lingua: | spagnolo |
| Pubblicazione: |
Buenos Aires
Losada
1962
|
| Edizione: | 2a. ed |
| Serie: | Gran Teatro del Mundo
|
| Soggetti: | |
| Tags: |
Aggiungi Tag
Nessun Tag, puoi essere il primo ad aggiungerne!!
|
MARC
| LEADER | 00000cam a2200000 a 4500 | ||
|---|---|---|---|
| 001 | UCZ3409 | ||
| 003 | CL-VaPUC | ||
| 008 | 951020e19620000AG |||||||||||||||||spa|d | ||
| 082 | 0 | 4 | |a 842 |b SAR |2 21 |
| 100 | 0 | |a Sartre, Jean-Paul |e author |9 269377 | |
| 245 | 1 | 0 | |a Teatro |
| 250 | |a 2a. ed | ||
| 300 | |a v | ||
| 942 | |c BK | ||
| 945 | |d 19951020 00:00:00 |a cmena | ||
| 260 | |a Buenos Aires |b Losada |c 1962 | ||
| 500 | |a v.3: Nekrasov. Kean | ||
| 650 | 0 | |a Teatro francés |9 265089 | |
| 650 | 7 | |a DRAMAS FRANCESES |2 CL-VaPUC |9 267189 | |
| 650 | 0 | |a Literatura francesa |9 266330 | |
| 583 | |a last modification |c 20130823 04:10:22 |k Rodrigo Vera | ||
| 490 | 0 | |a Gran Teatro del Mundo | |
| 999 | |c 239889 |d 239887 | ||
| 952 | |0 0 |1 0 |4 0 |6 842_000000000000000_SAR_1962 |7 0 |8 A |9 251352 |a BIBEDU |b BIBEDU |d 2019-11-18 |h v.3 |i 1587609 |o 842 SAR 1962 |p 1587609 |r 2019-11-18 |w 2019-11-18 |y BK |k FIL | ||
| 952 | |0 0 |1 0 |3 erb |4 0 |6 842_000000000000000_SAR_1962 |7 0 |8 A |9 251353 |a BIBART |b BIBART |d 2019-11-18 |h v.3 |i 5001560 |o 842 SAR 1962 |p 5001560 |r 2025-03-13 |w 2019-11-18 |y BK |z Catalogado en:20130829 |k ART | ||